[Event "Eurasia Open Cup 2019"]
[Site "Ekaterinburg"]
[Date "2019.08.08"]
[Round "8.11"]
[White "Burmakin, Vladimir"]
[Black "Karpeshov, Oleg"]
[Result "1-0"]
[WhiteElo "2506"]
[BlackElo "2286"]
[Annotator "ChessBase"]
[PlyCount "105"]
[EventDate "2019.07.31"]
[EventType "swiss"]
[EventCountry "RUS"]
[SourceTitle "playchess.com"]
[Source "ChessBase"]
[SourceQuality "1"]
[TimeControl "5400+30"]

1. d4 {[%emt 0:00:22]} Nf6 {[%emt 0:00:45]} 2. Nf3 {[%emt 0:00:24]} d5 {[%emt 0:00:57]} 3. g3 {[%emt 0:00:22]} c6 {[%emt 0:00:01]} 4. c4 {[%emt 0:00:53]} g6 {[%emt 0:00:30]} 5. Qb3 {[%emt 0:00:00]} Bg7 {[%emt 0:00:21]} 6. Bg2 {[%emt 0:00:04]} O-O {[%emt 0:00:16]} 7. O-O {[%emt 0:00:36]} dxc4 {[%emt 0:05:45]} 8. Qxc4 {[%emt 0:00:18]} Be6 {[%emt 0:00:00]} 9. Qc2 {[%emt 0:02:59]} Bf5 {[%emt 0:02:36]} 10. Qb3 {[%emt 0:00:12]} Qc8 {[%emt 0:00:19]} 11. Nc3 {[%emt 0:00:22]} Ne4 {[%emt 0:01:33]} 12. Bf4 {[%emt 0:15:04]} Nxc3 {[%emt 0:03:51]} 13. bxc3 {[%emt 0:00:41]} Be4 {[%emt 0:00:46]} 14. Ne5 {[%emt 0:00:40]} Bxg2 {[%emt 0:00:00]} 15. Kxg2 {[%emt 0:00:00]} Nd7 {[%emt 0:00:32]} 16. Nxd7 {[%emt 0:01:58]} Qxd7 {[%emt 0:01:29]} 17. Rab1 {[%emt 0:01:18]} b6 {[%emt 0:00:04]} 18. e4 {[%emt 0:00:11]} Rac8 {[%emt 0:03:42]} 19. Rfd1 {[%emt 0:02:59]} e6 {[%emt 0:03:33]} 20. Be3 {[%emt 0:05:01]} f5 {[%emt 0:04:59]} 21. exf5 {[%emt 0:00:34]} Rxf5 {[%emt 0:00:00]} 22. Kg1 {[%emt 0:00:55]} h5 {[%emt 0:03:27]} 23. Re1 {[%emt 0:08:22]} Kh7 {[%emt 0:01:08]} 24. Bf4 {[%emt 0:03:40]} Rd5 {[%emt 0:07:37]} 25. Re4 {[%emt 0:04:16]} Rb5 {[%emt 0:11:39]} 26. Qc2 {[%emt 0:01:57]} Rxb1+ {[%emt 0:01:47]} 27. Qxb1 {[%emt 0:00:00]} Qd5 {[%emt 0:07:25]} 28. Qe1 {[%emt 0:00:31]} Re8 {[%emt 0:00:00]} 29. Qe2 {[%emt 0:00:20]} b5 {[%emt 0:01:51]} 30. Be5 {[%emt 0:08:14]} Bh6 {[%emt 0:05:14]} 31. Bf4 {[%emt 0:01:24]} Bg7 {[%emt 0:00:44]} 32. h4 {[%emt 0:04:31]} a5 {[%emt 0:04:14]} 33. Be5 {[%emt 0:03:35]} Bh6 {[%emt 0:02:07]} 34. Bc7 {[%emt 0:04:20]} a4 {[%emt 0:00:50]} 35. Ba5 {[%emt 0:00:10]} Bg7 {[%emt 0:00:29]} 36. Bb4 {[%emt 0:04:00]} Bf6 {[%emt 0:03:08]} 37. Ba3 {[%emt 0:03:37]} Kg7 {[%emt 0:02:28]} 38. Bc1 {[%emt 0:01:08]} Kh7 {[%emt 0:01:50]} 39. Bg5 {[%emt 0:04:15]} Bg7 {[%emt 0:00:52]} 40. Bf4 {[%emt 0:00:06]} Re7 {[%emt 0:02:54]} 41. Be5 {[%emt 0:00:35]} Bh6 {[%emt 0:01:02]} 42. Bf6 {[%emt 0:00:20]} Re8 {[%emt 0:00:12]} 43. Re5 {[%emt 0:00:56]} Qd7 {[%emt 0:00:37]} 44. Qe4 {[%emt 0:01:31]} Qf7 {[%emt 0:00:58]} 45. Bg5 {[%emt 0:00:00]} Rf8 {[%emt 0:03:46]} 46. Be3 {[%emt 0:00:00]} Qf3 {[%emt 0:07:39]} 47. Qxf3 {[%emt 0:02:48]} Rxf3 {[%emt 0:00:00]} 48. Kg2 {[%emt 0:00:00]} Rf5 {[%emt 0:03:39]} 49. Rxe6 {[%emt 0:00:00]} Bxe3 {[%emt 0:00:00]} 50. fxe3 {[%emt 0:00:00]} c5 {[%emt 0:00:51]} 51. Rb6 {[%emt 0:00:45]} b4 {[%emt 0:00:56]} 52. cxb4 {[%emt 0:00:09]} cxd4 {[%emt 0:00:00]} 53. exd4 {[%emt 0:00:07]} 1-0

[Event "Eurasia Open Cup 2019"]
[Site "Ekaterinburg"]
[Date "2019.08.08"]
[Round "8.12"]
[White "Isanzhulov, Arystan"]
[Black "Gleizerov, Evgeny"]
[Result "0-1"]
[WhiteElo "2278"]
[BlackElo "2498"]
[Annotator "ChessBase"]
[PlyCount "114"]
[EventDate "2019.07.31"]
[EventType "swiss"]
[EventCountry "RUS"]
[SourceTitle "playchess.com"]
[Source "ChessBase"]
[SourceQuality "1"]
[TimeControl "5400+30"]

1. e4 {[%emt 0:00:00]} e6 {[%emt 0:00:00]} 2. d4 {[%emt 0:00:00]} d5 {[%emt 0:00:00]} 3. Nc3 {[%emt 0:00:00]} Nf6 {[%emt 0:00:00]} 4. e5 {[%emt 0:00:00]} Nfd7 {[%emt 0:00:00]} 5. f4 {[%emt 0:00:00]} c5 {[%emt 0:00:00]} 6. Nf3 {[%emt 0:00:00]} Qb6 {[%emt 0:00:32]} 7. Be3 {[%emt 0:01:10]} a6 {[%emt 0:00:07]} 8. a3 {[%emt 0:00:35]} Qa7 {[%emt 0:01:33]} 9. Na4 {[%emt 0:12:12]} cxd4 {[%emt 0:20:17]} 10. Bxd4 {[%emt 0:04:46]} b6 {[%emt 0:00:10]} 11. c4 {[%emt 0:10:58]} dxc4 {[%emt 0:04:04]} 12. Bxc4 {[%emt 0:00:31]} Nc6 {[%emt 0:00:06]} 13. Bf2 {[%emt 0:00:42]} Qc7 {[%emt 0:06:01]} 14. Bd3 {[%emt 0:01:59]} b5 {[%emt 0:04:29]} 15. Nc3 {[%emt 0:00:09]} Nc5 {[%emt 0:00:24]} 16. b4 {[%emt 0:21:13]} Nxd3+ {[%emt 0:07:13]} 17. Qxd3 {[%emt 0:00:03]} Bb7 {[%emt 0:07:23]} 18. Rc1 {[%emt 0:15:52]} Be7 {[%emt 0:07:11]} 19. O-O {[%emt 0:01:41]} Rd8 {[%emt 0:03:23]} 20. Qb1 {[%emt 0:02:01]} Qb8 {[%emt 0:03:42]} 21. Ne4 {[%emt 0:02:31]} Qa8 {[%emt 0:01:55]} 22. Nc5 {[%emt 0:06:51]} O-O {[%emt 0:04:25]} 23. f5 {[%emt 0:04:08]} exf5 {[%emt 0:01:09]} 24. Qxf5 {[%emt 0:01:04]} Nb8 {[%emt 0:01:16]} 25. Bh4 {[%emt 0:06:19]} Bxh4 {[%emt 0:01:11]} 26. Nxh4 {[%emt 0:00:00]} Bd5 {[%emt 0:01:07]} 27. Qg4 {[%emt 0:00:29]} Qa7 {[%emt 0:05:36]} 28. Rf6 {[%emt 0:04:06]} Be6 {[%emt 0:01:43]} 29. Nf5 {[%emt 0:01:02]} Bxf5 {[%emt 0:02:17]} 30. Rxf5 {[%emt 0:00:30]} Nd7 {[%emt 0:02:20]} 31. Rg5 {[%emt 0:00:04]} g6 {[%emt 0:00:37]} 32. e6 {[%emt 0:01:10]} Nxc5 {[%emt 0:00:00]} 33. bxc5 {[%emt 0:01:24]} fxe6 {[%emt 0:00:33]} 34. Qxe6+ {[%emt 0:00:47]} Qf7 {[%emt 0:00:27]} 35. Re5 {[%emt 0:00:25]} Rde8 {[%emt 0:04:44]} 36. Qxf7+ {[%emt 0:00:08]} Kxf7 {[%emt 0:00:34]} 37. Rd5 {[%emt 0:00:54]} Rd8 {[%emt 0:00:36]} 38. Rcd1 {[%emt 0:00:27]} Rxd5 {[%emt 0:00:48]} 39. Rxd5 {[%emt 0:00:31]} Ke7 {[%emt 0:00:38]} 40. c6 {[%emt 0:02:02]} Rd8 {[%emt 0:01:08]} 41. c7 {[%emt 0:00:25]} Rc8 {[%emt 0:00:00]} 42. a4 {[%emt 0:00:20]} b4 {[%emt 0:01:44]} 43. Rd4 {[%emt 0:00:39]} a5 {[%emt 0:01:01]} 44. Rd5 {[%emt 0:00:02]} Rxc7 {[%emt 0:00:09]} 45. Rxa5 {[%emt 0:00:01]} Rb7 {[%emt 0:00:41]} 46. Rd5 {[%emt 0:01:00]} Ke6 {[%emt 0:01:21]} 47. Rd1 {[%emt 0:00:00]} Ra7 {[%emt 0:00:07]} 48. h4 {[%emt 0:01:44]} Rxa4 {[%emt 0:00:06]} 49. Rd4 {[%emt 0:00:24]} Ke5 {[%emt 0:01:33]} 50. Rd7 {[%emt 0:00:24]} h5 {[%emt 0:03:29]} 51. Kh2 {[%emt 0:00:38]} b3 {[%emt 0:00:55]} 52. Rb7 {[%emt 0:00:42]} Ra3 {[%emt 0:00:34]} 53. Rb6 {[%emt 0:00:39]} Kd4 {[%emt 0:00:06]} 54. g4 {[%emt 0:00:38]} Kc3 {[%emt 0:00:51]} 55. Rxg6 {[%emt 0:00:33]} b2 {[%emt 0:00:06]} 56. Rc6+ {[%emt 0:00:03]} Kd2 {[%emt 0:00:38]} 57. Rd6+ {[%emt 0:00:22]} Kc2 {[%emt 0:00:00]} 0-1

[Event "Eurasia Open Cup 2019"]
[Site "Ekaterinburg"]
[Date "2019.08.08"]
[Round "8.13"]
[White "Nesterov, Arseniy"]
[Black "Zasukhin, Vadim"]
[Result "1/2-1/2"]
[WhiteElo "2451"]
[BlackElo "2249"]
[Annotator "ChessBase"]
[PlyCount "141"]
[EventDate "2019.07.31"]
[EventType "swiss"]
[EventCountry "RUS"]
[SourceTitle "playchess.com"]
[Source "ChessBase"]
[SourceQuality "1"]
[TimeControl "5400+30"]

1. d4 {[%emt 0:00:00]} Nf6 {[%emt 0:00:23]} 2. c4 {[%emt 0:00:00]} g6 {[%emt 0:00:45]} 3. Nc3 {[%emt 0:00:00]} d5 {[%emt 0:00:03]} 4. Bf4 {[%emt 0:00:00]} Bg7 {[%emt 0:00:51]} 5. e3 {[%emt 0:00:00]} c5 {[%emt 0:00:00]} 6. dxc5 {[%emt 0:00:00]} Qa5 {[%emt 0:00:07]} 7. Rc1 {[%emt 0:00:00]} Ne4 {[%emt 0:01:04]} 8. Qb3 {[%emt 0:06:43]} Nxc3 {[%emt 0:01:34]} 9. bxc3 {[%emt 0:00:09]} dxc4 {[%emt 0:00:25]} 10. Bxc4 {[%emt 0:00:43]} O-O {[%emt 0:00:07]} 11. Qb4 {[%emt 0:15:35]} Nc6 {[%emt 0:01:48]} 12. Qxa5 {[%emt 0:00:06]} Nxa5 {[%emt 0:00:01]} 13. Bd5 {[%emt 0:02:29]} e6 {[%emt 0:03:23]} 14. Bc7 {[%emt 0:13:10]} exd5 {[%emt 0:02:13]} 15. Bxa5 {[%emt 0:00:04]} Be6 {[%emt 0:02:23]} 16. Bb4 {[%emt 0:12:35]} Rfc8 {[%emt 0:00:35]} 17. Ne2 {[%emt 0:00:00]} Bf8 {[%emt 0:03:52]} 18. Rb1 {[%emt 0:00:08]} Bf5 {[%emt 0:00:41]} 19. Rb2 {[%emt 0:00:34]} Bd3 {[%emt 0:00:15]} 20. Nd4 {[%emt 0:02:53]} Bxc5 {[%emt 0:06:15]} 21. Bxc5 {[%emt 0:00:09]} Rxc5 {[%emt 0:00:00]} 22. Rxb7 {[%emt 0:00:27]} Ra5 {[%emt 0:04:11]} 23. Rb2 {[%emt 0:04:04]} Bc4 {[%emt 0:01:04]} 24. Kd2 {[%emt 0:00:21]} Rxa2 {[%emt 0:00:15]} 25. Rxa2 {[%emt 0:00:06]} Bxa2 {[%emt 0:00:07]} 26. Ra1 {[%emt 0:00:03]} Bc4 {[%emt 0:00:04]} 27. Nc6 {[%emt 0:03:24]} a6 {[%emt 0:00:15]} 28. Ra5 {[%emt 0:00:04]} Kg7 {[%emt 0:08:04]} 29. Nb4 {[%emt 0:01:29]} Rd8 {[%emt 0:00:37]} 30. Rc5 {[%emt 0:00:48]} g5 {[%emt 0:02:17]} 31. Ke1 {[%emt 0:02:53]} Kg6 {[%emt 0:10:08]} 32. f3 {[%emt 0:00:32]} f5 {[%emt 0:01:31]} 33. Kf2 {[%emt 0:03:04]} Kf6 {[%emt 0:23:21]} 34. Rc6+ {[%emt 0:00:13]} Kf7 {[%emt 0:02:00]} 35. Nxa6 {[%emt 0:01:15]} Ra8 {[%emt 0:01:16]} 36. Nb4 {[%emt 0:00:52]} Bb3 {[%emt 0:06:17]} 37. f4 {[%emt 0:03:22]} g4 {[%emt 0:00:28]} 38. Rc7+ {[%emt 0:02:53]} Kg6 {[%emt 0:03:06]} 39. h3 {[%emt 0:00:31]} h5 {[%emt 0:01:02]} 40. Nc6 {[%emt 0:04:42]} Ra2+ {[%emt 0:05:05]} 41. Kg3 {[%emt 0:00:50]} Kf6 {[%emt 0:02:58]} 42. Nd4 {[%emt 0:00:00]} Bc2 {[%emt 0:04:04]} 43. Rc6+ {[%emt 0:00:25]} Kf7 {[%emt 0:00:53]} 44. Kh4 {[%emt 0:00:15]} Be4 {[%emt 0:00:12]} 45. hxg4 {[%emt 0:01:46]} hxg4 {[%emt 0:00:11]} 46. g3 {[%emt 0:00:34]} Rg2 {[%emt 0:00:06]} 47. Kg5 {[%emt 0:00:54]} Rxg3 {[%emt 0:03:00]} 48. Rc7+ {[%emt 0:08:38]} Ke8 {[%emt 0:00:00]} 49. Kf6 {[%emt 0:00:04]} Rh3 {[%emt 0:00:56]} 50. Ne6 {[%emt 0:02:38]} Rh6+ {[%emt 0:00:47]} 51. Ke5 {[%emt 0:00:04]} g3 {[%emt 0:00:00]} 52. Kd6 {[%emt 0:00:05]} Rxe6+ {[%emt 0:01:36]} 53. Kxe6 {[%emt 0:01:44]} Kd8 {[%emt 0:00:02]} 54. Rd7+ {[%emt 0:00:34]} Kc8 {[%emt 0:00:19]} 55. Rg7 {[%emt 0:00:00]} g2 {[%emt 0:00:32]} 56. Kf6 {[%emt 0:00:00]} Kd8 {[%emt 0:00:00]} 57. Ke6 {[%emt 0:03:19]} Kc8 {[%emt 0:00:20]} 58. Kd6 {[%emt 0:01:26]} Bf3 {[%emt 0:00:00]} 59. Rg3 {[%emt 0:00:04]} Kb7 {[%emt 0:00:37]} 60. Kc5 {[%emt 0:00:54]} Kc7 {[%emt 0:00:29]} 61. Kd4 {[%emt 0:00:00]} Kd6 {[%emt 0:00:37]} 62. Kd3 {[%emt 0:02:13]} Kc5 {[%emt 0:00:10]} 63. Kc2 {[%emt 0:00:00]} Kc4 {[%emt 0:00:17]} 64. Kd2 {[%emt 0:00:11]} Kb3 {[%emt 0:01:48]} 65. Kd3 {[%emt 0:00:38]} Kb2 {[%emt 0:00:00]} 66. Kd2 {[%emt 0:01:44]} Kb1 {[%emt 0:00:00]} 67. Rg8 {[%emt 0:03:02]} Bg4 {[%emt 0:00:00]} 68. Rb8+ {[%emt 0:04:06]} Ka2 {[%emt 0:04:47]} 69. Ra8+ {[%emt 0:00:33]} Kb2 {[%emt 0:00:04]} 70. Rb8+ {[%emt 0:00:02]} Ka2 {[%emt 0:01:07]} 71. Ra8+ {[%emt 0:00:03]} 1/2-1/2

[Event "Eurasia Open Cup 2019"]
[Site "Ekaterinburg"]
[Date "2019.08.08"]
[Round "8.14"]
[White "Postnikov, Daniil"]
[Black "Davtyan, Artur"]
[Result "1-0"]
[WhiteElo "2354"]
[BlackElo "2440"]
[Annotator "NA"]
[PlyCount "59"]
[EventDate "2019.07.31"]
[EventType "swiss"]
[EventCountry "RUS"]
[SourceTitle "playchess.com"]
[Source "ChessBase"]
[SourceQuality "1"]
[TimeControl "5400+30"]

1. e4 {[%emt 0:00:00]} e5 {[%emt 0:00:00]} 2. Nf3 {[%emt 0:00:00]} Nc6 {[%emt 0:00:00]} 3. Nc3 {[%emt 0:00:00]} Bb4 {[%emt 0:00:00]} 4. Bb5 {[%emt 0:00:02]} Nf6 {[%emt 0:02:09]} 5. O-O {[%emt 0:00:20]} O-O {[%emt 0:00:04]} 6. d3 {[%emt 0:00:54]} d6 {[%emt 0:02:08]} 7. Ne2 {[%emt 0:00:00]} Ne7 {[%emt 0:01:09]} 8. c3 {[%emt 0:00:00]} Ba5 {[%emt 0:00:01]} 9. Ng3 {[%emt 0:00:13]} Ng6 {[%emt 0:00:40]} 10. d4 {[%emt 0:00:14]} c6 {[%emt 0:02:52]} 11. Bd3 {[%emt 0:00:06]} Re8 {[%emt 0:00:31]} 12. Bc2 {[%emt 0:06:31]} Bb6 {[%emt 0:08:15]} 13. h3 {[%emt 0:00:29]} h6 {[%emt 0:14:28]} 14. Re1 {[%emt 0:02:57]} Qc7 {[%emt 0:01:22]} 15. Be3 {[%emt 0:06:27]} Be6 {[%emt 0:04:49]} 16. Qd2 {[%emt 0:06:04]} Rad8 {[%emt 0:00:23]} 17. Nf5 {[%emt 0:04:32]} exd4 {[%emt 0:45:08]} 18. Bxh6 {[%emt 0:09:21]} dxc3 {[%emt 0:00:00]} 19. bxc3 {[%emt 0:00:57]} Nxe4 {[%emt 0:14:03]} 20. Rxe4 {[%emt 0:10:07]} Bxf5 {[%emt 0:00:32]} 21. Rxe8+ {[%emt 0:00:00]} Rxe8 {[%emt 0:00:01]} 22. Bxf5 {[%emt 0:00:00]} gxh6 {[%emt 0:00:45]} 23. Qxh6 {[%emt 0:01:06]} Nf8 {[%emt 0:00:25]} 24. Qg5+ {[%emt 0:05:37]} Kh8 {[%emt 0:00:02]} 25. a4 {[%emt 0:00:00]} Qe7 {[%emt 0:00:46]} 26. Qh6+ {[%emt 0:00:38]} Kg8 {[%emt 0:00:00]} 27. a5 {[%emt 0:00:10]} Bc5 {[%emt 0:00:45]} 28. Ra4 {[%emt 0:00:14]} Ng6 {[%emt 0:01:35]} 29. Bxg6 {[%emt 0:00:22]} fxg6 {[%emt 0:00:32]} 30. Qxg6+ {[%emt 0:00:09]} 1-0

[Event "Eurasia Open Cup 2019"]
[Site "Ekaterinburg"]
[Date "2019.08.08"]
[Round "8.15"]
[White "Sivuk, Vitaly"]
[Black "Bublei, Pavel"]
[Result "1-0"]
[WhiteElo "2546"]
[BlackElo "2353"]
[Annotator "ChessBase"]
[PlyCount "51"]
[EventDate "2019.07.31"]
[EventType "swiss"]
[EventCountry "RUS"]
[SourceTitle "playchess.com"]
[Source "ChessBase"]
[SourceQuality "1"]
[TimeControl "5400+30"]

1. d4 {[%emt 0:02:12]} Nf6 {[%emt 0:16:54]} 2. c4 {[%emt 0:00:10]} e6 {[%emt 0:00:18]} 3. g3 {[%emt 0:00:10]} d5 {[%emt 0:00:16]} 4. Nf3 {[%emt 0:00:47]} dxc4 {[%emt 0:00:13]} 5. Bg2 {[%emt 0:00:00]} c5 {[%emt 0:00:07]} 6. O-O {[%emt 0:01:15]} Nc6 {[%emt 0:00:50]} 7. Qa4 {[%emt 0:00:43]} Bd7 {[%emt 0:00:00]} 8. Qxc4 {[%emt 0:00:12]} b5 {[%emt 0:00:17]} 9. Qc3 {[%emt 0:00:29]} Rc8 {[%emt 0:05:59]} 10. dxc5 {[%emt 0:13:57]} Nd5 {[%emt 0:05:00]} 11. Qc2 {[%emt 0:05:21]} Ncb4 {[%emt 0:01:14]} 12. Qd1 {[%emt 0:04:05]} Bxc5 {[%emt 0:03:08]} 13. e4 {[%emt 0:03:55]} Ne7 {[%emt 0:05:06]} 14. a3 {[%emt 0:04:59]} Nbc6 {[%emt 0:00:44]} 15. b4 {[%emt 0:02:13]} Bb6 {[%emt 0:01:37]} 16. Nc3 {[%emt 0:03:05]} Nd4 {[%emt 0:10:36]} 17. Nxd4 {[%emt 0:01:21]} Rxc3 {[%emt 0:00:06]} 18. Bb2 {[%emt 0:00:02]} Rc4 {[%emt 0:00:05]} 19. Nf3 {[%emt 0:06:32]} f6 {[%emt 0:02:47]} 20. Nd2 {[%emt 0:00:21]} Rc7 {[%emt 0:00:48]} 21. Qh5+ {[%emt 0:05:14]} Ng6 {[%emt 0:06:21]} 22. e5 {[%emt 0:04:42]} f5 {[%emt 0:03:10]} 23. Nf3 {[%emt 0:02:42]} Rc2 {[%emt 0:13:28]} 24. Bd4 {[%emt 0:01:26]} O-O {[%emt 0:04:09]} 25. Bxb6 {[%emt 0:04:38]} Qxb6 {[%emt 0:01:03]} 26. Rad1 {[%emt 0:01:57]} 1-0

[Event "Eurasia Open Cup 2019"]
[Site "Ekaterinburg"]
[Date "2019.08.08"]
[Round "8.16"]
[White "Chekletsov, Ilya"]
[Black "Khanin, Semen"]
[Result "0-1"]
[WhiteElo "2374"]
[BlackElo "2517"]
[Annotator "ChessBase"]
[PlyCount "74"]
[EventDate "2019.07.31"]
[EventType "swiss"]
[EventCountry "RUS"]
[SourceTitle "playchess.com"]
[Source "ChessBase"]
[SourceQuality "1"]
[TimeControl "5400+30"]

1. f4 {[%emt 0:00:00]} c5 {[%emt 0:16:31]} 2. Nf3 {[%emt 0:00:00]} Nc6 {[%emt 0:03:23]} 3. b3 {[%emt 0:00:01]} Nf6 {[%emt 0:01:06]} 4. Bb2 {[%emt 0:00:06]} g6 {[%emt 0:00:27]} 5. e3 {[%emt 0:00:49]} Bg7 {[%emt 0:00:17]} 6. Be2 {[%emt 0:00:00]} O-O {[%emt 0:01:07]} 7. O-O {[%emt 0:00:00]} d6 {[%emt 0:02:35]} 8. a4 {[%emt 0:00:36]} e5 {[%emt 0:03:49]} 9. fxe5 {[%emt 0:01:04]} Ng4 {[%emt 0:00:07]} 10. Nc3 {[%emt 0:11:04]} Ngxe5 {[%emt 0:01:28]} 11. Nxe5 {[%emt 0:04:06]} Bxe5 {[%emt 0:00:44]} 12. Bf3 {[%emt 0:00:16]} Be6 {[%emt 0:04:54]} 13. Qe2 {[%emt 0:06:29]} d5 {[%emt 0:02:45]} 14. Nd1 {[%emt 0:00:36]} Qd6 {[%emt 0:06:24]} 15. Bxe5 {[%emt 0:05:28]} Nxe5 {[%emt 0:00:05]} 16. Nf2 {[%emt 0:00:21]} Rac8 {[%emt 0:03:50]} 17. Nd3 {[%emt 0:03:47]} Nxf3+ {[%emt 0:10:25]} 18. Qxf3 {[%emt 0:04:29]} Bf5 {[%emt 0:00:51]} 19. g4 {[%emt 0:09:44]} Bxd3 {[%emt 0:05:55]} 20. cxd3 {[%emt 0:00:36]} f5 {[%emt 0:00:08]} 21. gxf5 {[%emt 0:00:46]} Rxf5 {[%emt 0:02:10]} 22. Qg3 {[%emt 0:00:35]} Rxf1+ {[%emt 0:05:36]} 23. Rxf1 {[%emt 0:00:00]} Qxg3+ {[%emt 0:00:36]} 24. hxg3 {[%emt 0:00:00]} Rc6 {[%emt 0:00:00]} 25. Kf2 {[%emt 0:02:43]} Rf6+ {[%emt 0:02:16]} 26. Ke2 {[%emt 0:00:05]} Rxf1 {[%emt 0:00:00]} 27. Kxf1 {[%emt 0:00:05]} Kf7 {[%emt 0:00:09]} 28. g4 {[%emt 0:14:47]} h6 {[%emt 0:01:23]} 29. Ke2 {[%emt 0:00:06]} Ke6 {[%emt 0:00:38]} 30. Kf3 {[%emt 0:01:11]} Ke5 {[%emt 0:00:00]} 31. Kf2 {[%emt 0:01:33]} b6 {[%emt 0:00:00]} 32. Kg3 {[%emt 0:00:00]} a6 {[%emt 0:00:02]} 33. Kf3 {[%emt 0:01:46]} b5 {[%emt 0:00:06]} 34. axb5 {[%emt 0:00:05]} axb5 {[%emt 0:00:03]} 35. Kf2 {[%emt 0:01:03]} b4 {[%emt 0:00:26]} 36. Ke2 {[%emt 0:00:04]} h5 {[%emt 0:00:16]} 37. gxh5 {[%emt 0:00:05]} gxh5 {[%emt 0:00:03]} 0-1

[Event "Eurasia Open Cup 2019"]
[Site "Ekaterinburg"]
[Date "2019.08.08"]
[Round "8.17"]
[White "Tunik, Gennady"]
[Black "Bocharov, Dmitry"]
[Result "0-1"]
[WhiteElo "2371"]
[BlackElo "2506"]
[Annotator "ChessBase"]
[PlyCount "64"]
[EventDate "2019.07.31"]
[EventType "swiss"]
[EventCountry "RUS"]
[SourceTitle "playchess.com"]
[Source "ChessBase"]
[SourceQuality "1"]
[TimeControl "5400+30"]

1. d4 {[%emt 0:00:00]} Nf6 {[%emt 0:04:10]} 2. Nf3 {[%emt 0:00:00]} e6 {[%emt 0:00:15]} 3. c4 {[%emt 0:00:16]} d5 {[%emt 0:00:16]} 4. Nc3 {[%emt 0:00:55]} dxc4 {[%emt 0:00:56]} 5. e3 {[%emt 0:01:18]} a6 {[%emt 0:01:10]} 6. Bxc4 {[%emt 0:00:38]} b5 {[%emt 0:01:35]} 7. Be2 {[%emt 0:00:00]} Bb7 {[%emt 0:00:34]} 8. O-O {[%emt 0:01:01]} Nbd7 {[%emt 0:00:57]} 9. a4 {[%emt 0:05:14]} b4 {[%emt 0:01:31]} 10. Nb1 {[%emt 0:00:07]} c5 {[%emt 0:01:27]} 11. Nbd2 {[%emt 0:00:54]} Be7 {[%emt 0:04:36]} 12. a5 {[%emt 0:09:09]} O-O {[%emt 0:00:21]} 13. Nc4 {[%emt 0:00:10]} Qc7 {[%emt 0:05:49]} 14. b3 {[%emt 0:14:57]} cxd4 {[%emt 0:08:54]} 15. exd4 {[%emt 0:06:53]} Rad8 {[%emt 0:05:36]} 16. Bd2 {[%emt 0:06:27]} Ne4 {[%emt 0:02:43]} 17. Qc1 {[%emt 0:04:52]} Nxd2 {[%emt 0:05:37]} 18. Ncxd2 {[%emt 0:02:47]} Qb8 {[%emt 0:04:12]} 19. Nc4 {[%emt 0:08:35]} Nf6 {[%emt 0:01:52]} 20. Nce5 {[%emt 0:01:09]} Nd5 {[%emt 0:05:58]} 21. Nc6 {[%emt 0:03:06]} Bxc6 {[%emt 0:02:37]} 22. Qxc6 {[%emt 0:00:36]} Rd6 {[%emt 0:00:03]} 23. Qc2 {[%emt 0:00:55]} Nc3 {[%emt 0:01:24]} 24. Bc4 {[%emt 0:03:16]} Bf6 {[%emt 0:02:06]} 25. Rae1 {[%emt 0:17:10]} Rfd8 {[%emt 0:06:41]} 26. Ne5 {[%emt 0:01:34]} Bxe5 {[%emt 0:05:00]} 27. dxe5 {[%emt 0:00:09]} Rd2 {[%emt 0:00:20]} 28. Qc1 {[%emt 0:00:05]} Qa7 {[%emt 0:06:13]} 29. h3 {[%emt 0:00:27]} h6 {[%emt 0:00:32]} 30. Re3 {[%emt 0:01:21]} Qc5 {[%emt 0:00:45]} 31. Bxa6 {[%emt 0:02:15]} Qxa5 {[%emt 0:01:26]} 32. Bc4 {[%emt 0:00:07]} Rd1 {[%emt 0:00:48]} 0-1

[Event "Eurasia Open Cup 2019"]
[Site "Ekaterinburg"]
[Date "2019.08.08"]
[Round "8.18"]
[White "Hamitevici, Vladimir"]
[Black "Fotin, Vladimir"]
[Result "1/2-1/2"]
[WhiteElo "2480"]
[BlackElo "2368"]
[Annotator "ChessBase"]
[PlyCount "80"]
[EventDate "2019.07.31"]
[EventType "swiss"]
[EventCountry "RUS"]
[SourceTitle "playchess.com"]
[Source "ChessBase"]
[SourceQuality "1"]
[TimeControl "5400+30"]

1. c4 {[%emt 0:08:15]} Nf6 {[%emt 0:00:00]} 2. Nc3 {[%emt 0:01:42]} e6 {[%emt 0:00:22]} 3. Nf3 {[%emt 0:03:05]} d5 {[%emt 0:00:59]} 4. e3 {[%emt 0:00:34]} c5 {[%emt 0:04:05]} 5. cxd5 {[%emt 0:00:19]} exd5 {[%emt 0:01:33]} 6. d4 {[%emt 0:00:06]} a6 {[%emt 0:00:00]} 7. Be2 {[%emt 0:03:22]} Nc6 {[%emt 0:01:11]} 8. O-O {[%emt 0:00:00]} cxd4 {[%emt 0:03:50]} 9. Nxd4 {[%emt 0:00:00]} Bd6 {[%emt 0:00:05]} 10. Nxc6 {[%emt 0:09:51]} bxc6 {[%emt 0:00:07]} 11. b3 {[%emt 0:00:09]} Qc7 {[%emt 0:00:42]} 12. h3 {[%emt 0:01:39]} Qe7 {[%emt 0:00:50]} 13. Qd3 {[%emt 0:03:18]} Qe5 {[%emt 0:02:22]} 14. f4 {[%emt 0:00:26]} Qe7 {[%emt 0:00:07]} 15. Bf3 {[%emt 0:15:20]} a5 {[%emt 0:03:44]} 16. Qc2 {[%emt 0:00:36]} O-O {[%emt 0:02:19]} 17. e4 {[%emt 0:04:17]} Bc5+ {[%emt 0:13:29]} 18. Kh1 {[%emt 0:03:17]} dxe4 {[%emt 0:01:18]} 19. Nxe4 {[%emt 0:01:55]} Bd4 {[%emt 0:00:22]} 20. Rb1 {[%emt 0:04:35]} Bf5 {[%emt 0:06:06]} 21. Nxf6+ {[%emt 0:00:08]} Qxf6 {[%emt 0:00:00]} 22. Be4 {[%emt 0:00:35]} Bxe4 {[%emt 0:00:47]} 23. Qxe4 {[%emt 0:00:00]} Rfe8 {[%emt 0:01:44]} 24. Qf3 {[%emt 0:06:18]} c5 {[%emt 0:00:44]} 25. a4 {[%emt 0:08:02]} Qf5 {[%emt 0:04:00]} 26. Bd2 {[%emt 0:02:34]} h6 {[%emt 0:03:09]} 27. Rbc1 {[%emt 0:00:59]} Rab8 {[%emt 0:02:39]} 28. Rc4 {[%emt 0:01:55]} Re7 {[%emt 0:00:55]} 29. Rfc1 {[%emt 0:03:06]} Reb7 {[%emt 0:02:50]} 30. Bxa5 {[%emt 0:00:11]} Rxb3 {[%emt 0:00:08]} 31. Bc3 {[%emt 0:01:26]} Re8 {[%emt 0:12:06]} 32. Qg4 {[%emt 0:02:50]} Qe4 {[%emt 0:07:36]} 33. Bxd4 {[%emt 0:01:45]} cxd4 {[%emt 0:00:06]} 34. f5 {[%emt 0:00:00]} Qxg4 {[%emt 0:03:24]} 35. hxg4 {[%emt 0:00:15]} d3 {[%emt 0:02:40]} 36. Rd4 {[%emt 0:00:36]} Ra3 {[%emt 0:02:26]} 37. Kh2 {[%emt 0:02:36]} d2 {[%emt 0:08:25]} 38. Rd1 {[%emt 0:00:14]} Ra8 {[%emt 0:00:30]} 39. R1xd2 {[%emt 0:00:07]} R3xa4 {[%emt 0:00:04]} 40. Rxa4 {[%emt 0:00:09]} Rxa4 {[%emt 0:00:03]} 1/2-1/2